[Event "St Jean op"]
[Site "St Jean sur Richelieu"]
[Date "2008.06.14"]
[Round "3"]
[White "Gaspariants, Vladimir"]
[Black "Schomers, Philippe"]
[Result "1-0"]
[WhiteElo "2274"]
[BlackElo "1882"]
[PlyCount "47"]
[GameId "2160767910354449"]
[EventDate "2008.06.13"]
[EventType "swiss"]
[EventRounds "5"]
[EventCountry "CAN"]
[SourceTitle "EXT 2011"]
[Source "ChessBase"]
[SourceDate "2011.11.26"]
[SourceVersion "1"]
[SourceVersionDate "2011.11.26"]
[SourceQuality "1"]

1. e4 d6 2. d4 Nf6 3. Nc3 Nbd7 4. g3 e5 5. Nge2 c6 6. Bg2 Be7 7. O-O h5 8. h3 b5 9. a3 Bb7 10. f4 a6 11. Be3 Qc7 12. Qe1 O-O-O 13. Qf2 exf4 14. gxf4 Nh7 15. e5 g5 16. exd6 Qxd6 17. Ne4 Qg6 18. f5 Qg7 19. Nc5 Nxc5 20. dxc5 Bf6 21. c3 Rhe8 22. Ng3 Be5 23. f6 Bxg3 24. Qf5+ 1-0

[Event "St Jean op"]
[Site "St Jean sur Richelieu"]
[Date "2008.06.14"]
[Round "3"]
[White "Lemire-Paquin, Alexandre"]
[Black "Libersan, Thierry"]
[Result "0-1"]
[WhiteElo "2054"]
[BlackElo "2118"]
[PlyCount "84"]
[GameId "2160767910354451"]
[EventDate "2008.06.13"]
[EventType "swiss"]
[EventRounds "5"]
[EventCountry "CAN"]
[SourceTitle "EXT 2011"]
[Source "ChessBase"]
[SourceDate "2011.11.26"]
[SourceVersion "1"]
[SourceVersionDate "2011.11.26"]
[SourceQuality "1"]

1. e4 c5 2. Nf3 d6 3. c3 Nf6 4. Be2 Nc6 5. d4 cxd4 6. cxd4 d5 7. e5 Ne4 8. O-O e6 9. Bd3 Be7 10. Nc3 Nxc3 11. bxc3 O-O 12. Ne1 Bd7 13. f4 g6 14. g4 f5 15. exf6 Bxf6 16. Nf3 Rc8 17. Ne5 Bg7 18. Bd2 Rc7 19. Qe2 Be8 20. Nf3 Bd7 21. Rae1 Bc8 22. Ng5 Re7 23. h4 Bh6 24. Rf2 Bxg5 25. hxg5 Qa5 26. Bb1 Qa3 27. Rh2 b6 28. Rh6 Rg7 29. Qh2 Bd7 30. Kh1 Na5 31. f5 exf5 32. Qe5 fxg4 33. Qxd5+ Kh8 34. Kg1 Bc6 35. Qe6 Re8 36. Qf6 Rf8 37. Qe6 Rf3 38. Bxg6 Qf8 39. Be3 Rg3+ 40. Kh2 Rg2+ 41. Kh1 Re2+ 42. d5 Qf3+ 0-1

[Event "St Jean op"]
[Site "St Jean sur Richelieu"]
[Date "2008.06.14"]
[Round "3"]
[White "Lessard, Claude"]
[Black "Khaziyeva, Dinara"]
[Result "1-0"]
[WhiteElo "2101"]
[BlackElo "2176"]
[PlyCount "47"]
[GameId "2160767910354452"]
[EventDate "2008.06.13"]
[EventType "swiss"]
[EventRounds "5"]
[EventCountry "CAN"]
[SourceTitle "EXT 2011"]
[Source "ChessBase"]
[SourceDate "2011.11.26"]
[SourceVersion "1"]
[SourceVersionDate "2011.11.26"]
[SourceQuality "1"]

1. d4 Nf6 2. Nf3 g6 3. c4 Bg7 4. Nc3 d6 5. e4 Nc6 6. d5 Ne5 7. Nxe5 dxe5 8. Be2 e6 9. O-O exd5 10. cxd5 O-O 11. Be3 Bd7 12. Qb3 b6 13. h3 Ne8 14. Rac1 a6 15. Rfd1 Nd6 16. Qa3 Bc8 17. Nb5 Nxb5 18. Bxb5 Bxh3 19. Bc6 f5 20. Bxa8 Bxg2 21. Kxg2 f4 22. Kf1 Bh6 23. Bxb6 cxb6 24. Qh3 1-0

[Event "St Jean op"]
[Site "St Jean sur Richelieu"]
[Date "2008.06.14"]
[Round "3"]
[White "Masse, Hugues"]
[Black "Drolet, Stephane"]
[Result "1/2-1/2"]
[WhiteElo "2277"]
[BlackElo "2117"]
[PlyCount "41"]
[GameId "2160767910354453"]
[EventDate "2008.06.13"]
[EventType "swiss"]
[EventRounds "5"]
[EventCountry "CAN"]
[SourceTitle "EXT 2011"]
[Source "ChessBase"]
[SourceDate "2011.11.26"]
[SourceVersion "1"]
[SourceVersionDate "2011.11.26"]
[SourceQuality "1"]

1. e4 e6 2. d4 d5 3. Nc3 Bb4 4. e5 Ne7 5. Bd2 b6 6. f4 Bxc3 7. bxc3 Ba6 8. Bxa6 Nxa6 9. Nf3 Nb8 10. O-O Qd7 11. a4 Nbc6 12. Bc1 Na5 13. Qd3 h5 14. Ba3 Nf5 15. Bb4 Nc4 16. a5 Qc6 17. Rfe1 b5 18. Nd2 Nxd2 19. Qxd2 a6 20. Rf1 O-O-O 21. Rf2 1/2-1/2

[Event "St Jean op"]
[Site "St Jean sur Richelieu"]
[Date "2008.06.14"]
[Round "3"]
[White "Pregent, Daniel"]
[Black "Gauthier, Denis"]
[Result "1-0"]
[WhiteElo "1774"]
[BlackElo "1940"]
[PlyCount "35"]
[GameId "2160767910354454"]
[EventDate "2008.06.13"]
[EventType "swiss"]
[EventRounds "5"]
[EventCountry "CAN"]
[SourceTitle "EXT 2011"]
[Source "ChessBase"]
[SourceDate "2011.11.26"]
[SourceVersion "1"]
[SourceVersionDate "2011.11.26"]
[SourceQuality "1"]

1. d4 Nf6 2. Nf3 e6 3. c4 b6 4. g3 Ba6 5. Qc2 c5 6. Bg2 Bb7 7. O-O Be7 8. Nc3 O-O 9. e4 cxd4 10. Nxd4 d6 11. Rd1 Nbd7 12. e5 dxe5 13. Nc6 Bxc6 14. Bxc6 Rc8 15. Qa4 Rc7 16. Bg5 Qc8 17. Bxd7 Rxd7 18. Rxd7 1-0

[Event "St Jean op"]
[Site "St Jean sur Richelieu"]
[Date "2008.06.14"]
[Round "3"]
[White "Tessier, Olivier"]
[Black "Lavoie, Eric"]
[Result "1-0"]
[WhiteElo "2207"]
[BlackElo "1917"]
[PlyCount "73"]
[GameId "2160767910354455"]
[EventDate "2008.06.13"]
[EventType "swiss"]
[EventRounds "5"]
[EventCountry "CAN"]
[SourceTitle "EXT 2011"]
[Source "ChessBase"]
[SourceDate "2011.11.26"]
[SourceVersion "1"]
[SourceVersionDate "2011.11.26"]
[SourceQuality "1"]

1. e4 e6 2. d4 d5 3. Nd2 c5 4. exd5 exd5 5. Ngf3 Nf6 6. Bb5+ Bd7 7. Bxd7+ Nbxd7 8. O-O Be7 9. dxc5 Nxc5 10. Nb3 Nce4 11. Nfd4 O-O 12. Nf5 Re8 13. Nxe7+ Rxe7 14. Nd4 Rc8 15. c3 h6 16. Re1 a6 17. f3 Nd6 18. Bf4 Rxe1+ 19. Qxe1 Nc4 20. b3 Nd6 21. Kf1 Kf8 22. Rd1 Nh5 23. Be5 Qd7 24. g4 Nf6 25. Bxf6 gxf6 26. Qd2 Kg7 27. Qf4 Rxc3 28. Kg2 f5 29. Rd2 fxg4 30. fxg4 Ne4 31. Nf5+ Kg8 32. Qxh6 f6 33. Rxd5 Rc2+ 34. Kg1 Qc7 35. Rd8+ Kf7 36. Qf8+ Ke6 37. Qe8+ 1-0

[Event "St Jean op"]
[Site "St Jean sur Richelieu"]
[Date "2008.06.15"]
[Round "4"]
[White "Auger, Bertrand"]
[Black "Lavoie, Eric"]
[Result "1/2-1/2"]
[WhiteElo "2033"]
[BlackElo "1917"]
[PlyCount "70"]
[GameId "2160767910354456"]
[EventDate "2008.06.13"]
[EventType "swiss"]
[EventRounds "5"]
[EventCountry "CAN"]
[SourceTitle "EXT 2011"]
[Source "ChessBase"]
[SourceDate "2011.11.26"]
[SourceVersion "1"]
[SourceVersionDate "2011.11.26"]
[SourceQuality "1"]

1. Nf3 d5 2. g3 Nf6 3. Bg2 e6 4. c4 c6 5. b3 Be7 6. O-O O-O 7. Bb2 b6 8. d3 Bb7 9. cxd5 cxd5 10. Nbd2 Nbd7 11. Nd4 a6 12. N2f3 h6 13. Qd2 Rc8 14. Rfc1 Rxc1+ 15. Rxc1 Qa8 16. b4 Rc8 17. a4 Rxc1+ 18. Bxc1 Qc8 19. Bb2 Bd6 20. Bh3 Ne5 21. Nxe5 Bxe5 22. f4 Bd6 23. e3 Qe8 24. b5 Bc5 25. bxa6 Bxa6 26. a5 bxa5 27. Qxa5 Bxd4 28. Bxd4 Bxd3 29. Qc3 Be4 30. Bxf6 gxf6 31. Qxf6 Qa4 32. Qd4 Qc2 33. Bf1 Qc1 34. Kf2 Bf5 35. Qb4 Qc2+ 1/2-1/2

[Event "St Jean op"]
[Site "St Jean sur Richelieu"]
[Date "2008.06.15"]
[Round "4"]
[White "Dion, Jean-Francois"]
[Black "Khaziyeva, Dinara"]
[Result "0-1"]
[WhiteElo "1933"]
[BlackElo "2176"]
[PlyCount "106"]
[GameId "2160767910354457"]
[EventDate "2008.06.13"]
[EventType "swiss"]
[EventRounds "5"]
[EventCountry "CAN"]
[SourceTitle "EXT 2011"]
[Source "ChessBase"]
[SourceDate "2011.11.26"]
[SourceVersion "1"]
[SourceVersionDate "2011.11.26"]
[SourceQuality "1"]

1. f4 g6 2. Nf3 Bg7 3. e3 c5 4. Be2 Nc6 5. O-O d5 6. d4 cxd4 7. exd4 Bf5 8. c3 Nf6 9. Ne5 O-O 10. Nd2 h5 11. Ndf3 e6 12. Qe1 Ne7 13. Nd3 Rb8 14. Nfe5 Ne4 15. g4 Bxg4 16. Nxg4 hxg4 17. Bxg4 Nc8 18. Ne5 Re8 19. Be3 f6 20. Nd3 b6 21. Qh4 Ncd6 22. Qh3 Kf7 23. Rae1 Rh8 24. Qg2 Qg8 25. Bc1 Qh7 26. Bf3 Rbg8 27. Nf2 f5 28. Nd3 Bf6 29. Ne5+ Ke8 30. Bxe4 Nxe4 31. Nf3 g5 32. fxg5 Bxg5 33. Rxe4 Bxc1 34. Rxe6+ Kd7 35. Rg6 Rxg6 36. Ne5+ Kc7 37. Nxg6 Rg8 38. Qxd5 Bf4 39. Rxf4 Qxg6+ 40. Kf2 Qg1+ 41. Ke2 Re8+ 42. Kd3 Qe3+ 43. Kc2 Qxf4 44. Qf7+ Kd8 45. Qd5+ Ke7 46. Kb3 Qe4 47. Qb5 Rd8 48. Qa6 Rd7 49. Qf1 f4 50. h4 f3 51. Qh1 Qe2 52. h5 f2 53. Qh4+ Ke8 0-1

[Event "St Jean op"]
[Site "St Jean sur Richelieu"]
[Date "2008.06.15"]
[Round "4"]
[White "Lemire-Paquin, Alexandre"]
[Black "Lessard, Claude"]
[Result "1-0"]
[WhiteElo "2054"]
[BlackElo "2101"]
[PlyCount "77"]
[GameId "2160767910354459"]
[EventDate "2008.06.13"]
[EventType "swiss"]
[EventRounds "5"]
[EventCountry "CAN"]
[SourceTitle "EXT 2011"]
[Source "ChessBase"]
[SourceDate "2011.11.26"]
[SourceVersion "1"]
[SourceVersionDate "2011.11.26"]
[SourceQuality "1"]

1. Nf3 Nf6 2. c4 c5 3. Nc3 d6 4. d4 cxd4 5. Nxd4 g6 6. g3 Bg7 7. Bg2 O-O 8. O-O Nbd7 9. h3 a6 10. Be3 Rb8 11. Rc1 Nc5 12. b4 Ne6 13. Nb3 Bd7 14. Na5 b6 15. Nc6 Bxc6 16. Bxc6 Qc8 17. Nd5 Nxd5 18. cxd5 Nc7 19. Kh2 Qf5 20. Qc2 Qh5 21. Rfd1 f5 22. Bd7 Ne8 23. Be6+ Kh8 24. f3 Nf6 25. Kg2 h6 26. Qd2 Nh7 27. Rc4 g5 28. Qd3 b5 29. Rc7 f4 30. g4 Qe8 31. Bf2 Ra8 32. Rdc1 Nf6 33. Bb6 Ng8 34. R1c6 Nf6 35. Qc2 Qb8 36. Rxe7 Re8 37. Rxg7 Kxg7 38. Rc7+ Kf8 39. Qg6 1-0

[Event "St Jean op"]
[Site "St Jean sur Richelieu"]
[Date "2008.06.15"]
[Round "4"]
[White "Libersan, Thierry"]
[Black "Larochelle, Martial"]
[Result "1-0"]
[WhiteElo "2118"]
[BlackElo "2189"]
[PlyCount "77"]
[GameId "2160767910354460"]
[EventDate "2008.06.13"]
[EventType "swiss"]
[EventRounds "5"]
[EventCountry "CAN"]
[SourceTitle "EXT 2011"]
[Source "ChessBase"]
[SourceDate "2011.11.26"]
[SourceVersion "1"]
[SourceVersionDate "2011.11.26"]
[SourceQuality "1"]

1. e4 c5 2. Nf3 d6 3. d4 cxd4 4. Nxd4 Nf6 5. Nc3 a6 6. Be3 e5 7. Nb3 Be6 8. f3 Be7 9. Qd2 O-O 10. O-O-O Nbd7 11. g4 b5 12. g5 b4 13. Nd5 Nxd5 14. exd5 Bf5 15. Rg1 a5 16. Kb1 a4 17. Nc1 Qa5 18. Bd3 Bg6 19. Be4 Rfc8 20. Rg2 Nc5 21. Bxc5 Rxc5 22. h4 Rc4 23. Bxg6 fxg6 24. Rg4 Rac8 25. Rxc4 Rxc4 26. Qf2 Bd8 27. Qh2 Rf4 28. Qh3 Rf5 29. Ne2 b3 30. Ng3 bxc2+ 31. Kxc2 Rxf3 32. Qe6+ Kf8 33. Qxd6+ Be7 34. Qb8+ Kf7 35. Qxe5 Rf2+ 36. Kb1 a3 37. Qe6+ Kf8 38. d6 Rxb2+ 39. Ka1 1-0

[Event "St Jean op"]
[Site "St Jean sur Richelieu"]
[Date "2008.06.15"]
[Round "4"]
[White "Pregent, Daniel"]
[Black "Arsenault, Nicolas"]
[Result "0-1"]
[WhiteElo "1774"]
[BlackElo "2234"]
[PlyCount "48"]
[GameId "2160767910354461"]
[EventDate "2008.06.13"]
[EventType "swiss"]
[EventRounds "5"]
[EventCountry "CAN"]
[SourceTitle "EXT 2011"]
[Source "ChessBase"]
[SourceDate "2011.11.26"]
[SourceVersion "1"]
[SourceVersionDate "2011.11.26"]
[SourceQuality "1"]

1. d4 Nf6 2. Nf3 e6 3. c4 Bb4+ 4. Nbd2 O-O 5. e3 b6 6. Bd3 Bb7 7. O-O Bxd2 8. Nxd2 c5 9. e4 cxd4 10. e5 Ne8 11. f4 f5 12. Qh5 Na6 13. Nf3 Nc5 14. Bb1 g6 15. Qh6 Bxf3 16. Rxf3 a5 17. b3 d6 18. Bd3 Ra7 19. Bd2 Ne4 20. Be1 Qb8 21. Bg3 Nxg3 22. hxg3 dxe5 23. fxe5 Qxe5 24. Kf2 Nf6 0-1

[Event "St Jean op"]
[Site "St Jean sur Richelieu"]
[Date "2008.06.15"]
[Round "4"]
[White "Schomers, Philippe"]
[Black "Sauve, Richard"]
[Result "0-1"]
[WhiteElo "1882"]
[BlackElo "1998"]
[PlyCount "132"]
[GameId "2160767910354462"]
[EventDate "2008.06.13"]
[EventType "swiss"]
[EventRounds "5"]
[EventCountry "CAN"]
[SourceTitle "EXT 2011"]
[Source "ChessBase"]
[SourceDate "2011.11.26"]
[SourceVersion "1"]
[SourceVersionDate "2011.11.26"]
[SourceQuality "1"]

1. c4 e6 2. Nc3 d5 3. cxd5 exd5 4. d4 c6 5. Bf4 Bd6 6. Bxd6 Qxd6 7. Qc2 Nf6 8. e3 O-O 9. Bd3 Bg4 10. Nge2 Bxe2 11. Qxe2 Nbd7 12. O-O Rfe8 13. Qc2 Re7 14. Bf5 Rae8 15. Rad1 g6 16. Bxd7 Qxd7 17. b4 Ne4 18. Nxe4 dxe4 19. Qc5 a6 20. a4 Re6 21. d5 cxd5 22. Rxd5 Qxa4 23. Qd4 Qc6 24. Rc5 Qd6 25. Rd5 Qb6 26. Qd2 Rc8 27. Rd7 Rec6 28. Qd5 Rf8 29. Qxe4 Rd8 30. Re7 Rc7 31. Re5 Rdc8 32. Rd1 Rc4 33. Re8+ Rxe8 34. Qxe8+ Kg7 35. Qe5+ Qf6 36. Qe8 Rxb4 37. h3 Rb2 38. Rf1 a5 39. e4 b5 40. e5 Qe6 41. Qa8 a4 42. f4 Rc2 43. Rf3 Qc6 44. Qd8 Rc1+ 45. Kh2 Qe6 46. Qd2 Rc5 47. Rd3 Rc6 48. Rd6 Rxd6 49. exd6 Qd7 50. Qd4+ f6 51. Qc5 Kf7 52. Qd5+ Kf8 53. Qa8+ Kg7 54. Qd5 a3 55. Qc5 a2 56. Qc7 Qxc7 57. dxc7 a1=Q 58. c8=Q Qf1 59. Qc7+ Kh6 60. Qd6 f5 61. Kg3 Qe1+ 62. Kh2 Qe4 63. Kg3 b4 64. Kh4 Qe1+ 65. g3 Qe8 66. Qf6 b3 0-1

[Event "St Jean op"]
[Site "St Jean sur Richelieu"]
[Date "2008.06.15"]
[Round "4"]
[White "Tessier, Olivier"]
[Black "Gaspariants, Vladimir"]
[Result "1/2-1/2"]
[WhiteElo "2207"]
[BlackElo "2274"]
[PlyCount "96"]
[GameId "2160767910354463"]
[EventDate "2008.06.13"]
[EventType "swiss"]
[EventRounds "5"]
[EventCountry "CAN"]
[SourceTitle "EXT 2011"]
[Source "ChessBase"]
[SourceDate "2011.11.26"]
[SourceVersion "1"]
[SourceVersionDate "2011.11.26"]
[SourceQuality "1"]

1. c4 Nf6 2. Nc3 d6 3. g3 g6 4. Bg2 Bg7 5. Nf3 O-O 6. O-O Nbd7 7. d3 c6 8. e4 e5 9. Rb1 a5 10. a3 Nc5 11. b4 axb4 12. axb4 Ne6 13. b5 Nc5 14. Be3 Bg4 15. Bxc5 dxc5 16. h3 Bxf3 17. Bxf3 Ra3 18. Qc1 Qa5 19. Ra1 Ra8 20. Rxa3 Qxa3 21. Qc2 h5 22. Rb1 Nh7 23. Kg2 Nf8 24. Rb2 Qa5 25. bxc6 bxc6 26. Ra2 Qd8 27. Rxa8 Qxa8 28. Qa4 Qb7 29. Bd1 Ne6 30. Ne2 h4 31. Ng1 hxg3 32. fxg3 Nd4 33. Qa2 Bh6 34. Nf3 Nxf3 35. Kxf3 Qd7 36. Kg2 Qxd3 37. Qe2 Qa3 38. Qf3 Be3 39. Be2 Qc1 40. Bf1 Qc2+ 41. Be2 Bd4 42. g4 Qc1 43. Bf1 Qe1 44. Qe2 Qh4 45. Qf3 Kg7 46. Qg3 Qg5 47. Qf3 Be3 48. h4 Qf4 1/2-1/2

[Event "St Jean op"]
[Site "St Jean sur Richelieu"]
[Date "2008.06.15"]
[Round "4"]
[White "Trinh, Tri Bao"]
[Black "Giroux, Robert"]
[Result "1/2-1/2"]
[WhiteElo "2120"]
[BlackElo "1979"]
[PlyCount "31"]
[GameId "2160767910354464"]
[EventDate "2008.06.13"]
[EventType "swiss"]
[EventRounds "5"]
[EventCountry "CAN"]
[SourceTitle "EXT 2011"]
[Source "ChessBase"]
[SourceDate "2011.11.26"]
[SourceVersion "1"]
[SourceVersionDate "2011.11.26"]
[SourceQuality "1"]

1. e4 g6 2. Nf3 Bg7 3. d4 c5 4. dxc5 Qa5+ 5. Bd2 Qxc5 6. Bc3 Nf6 7. Bd3 d5 8. exd5 Qxd5 9. O-O Bg4 10. Nbd2 Nc6 11. h3 Bxf3 12. Qxf3 Qxf3 13. Nxf3 a6 14. Rfe1 O-O 15. a4 e6 16. Rad1 1/2-1/2

[Event "St Jean op"]
[Site "St Jean sur Richelieu"]
[Date "2008.06.13"]
[Round "5"]
[White "Arsenault, Nicolas"]
[Black "Gaspariants, Vladimir"]
[Result "0-1"]
[WhiteElo "2234"]
[BlackElo "2274"]
[PlyCount "84"]
[GameId "2160767910354465"]
[EventDate "2008.06.13"]
[EventType "swiss"]
[EventRounds "5"]
[EventCountry "CAN"]
[SourceTitle "EXT 2011"]
[Source "ChessBase"]
[SourceDate "2011.11.26"]
[SourceVersion "1"]
[SourceVersionDate "2011.11.26"]
[SourceQuality "1"]

1. e4 e5 2. Nf3 Nc6 3. Nc3 g6 4. d4 exd4 5. Nxd4 Bg7 6. Be3 d6 7. Be2 Nf6 8. O-O O-O 9. f4 Bd7 10. Bf3 Re8 11. Qd2 Na5 12. Qd3 a6 13. b4 Nc6 14. Nxc6 bxc6 15. a4 d5 16. e5 Bf5 17. Qd2 Nd7 18. g4 Be6 19. a5 Nf8 20. g5 Bf5 21. Ne2 Ne6 22. Nd4 Nxd4 23. Bxd4 Qd7 24. c3 h5 25. Rfe1 Qe6 26. Rac1 Rab8 27. Re3 Bf8 28. Ree1 Rb5 29. Be2 Be4 30. Qe3 c5 31. bxc5 Rxa5 32. c4 Rb8 33. cxd5 Bxd5 34. Rb1 Rd8 35. Rec1 Bc6 36. Bc4 Qg4+ 37. Kf1 Qg2+ 38. Ke1 Qh1+ 39. Kf2 Qxh2+ 40. Ke1 Qh1+ 41. Kf2 Qg2+ 42. Ke1 Qe4 0-1

[Event "St Jean op"]
[Site "St Jean sur Richelieu"]
[Date "2008.06.13"]
[Round "5"]
[White "Auger, Bertrand"]
[Black "Pregent, Daniel"]
[Result "1-0"]
[WhiteElo "2033"]
[BlackElo "1774"]
[PlyCount "63"]
[GameId "2160767910354466"]
[EventDate "2008.06.13"]
[EventType "swiss"]
[EventRounds "5"]
[EventCountry "CAN"]
[SourceTitle "EXT 2011"]
[Source "ChessBase"]
[SourceDate "2011.11.26"]
[SourceVersion "1"]
[SourceVersionDate "2011.11.26"]
[SourceQuality "1"]

1. Nf3 d5 2. g3 Nf6 3. Bg2 e6 4. c4 c6 5. b3 Nbd7 6. O-O Bd6 7. d4 O-O 8. Bb2 a5 9. a3 b6 10. Nbd2 Bb7 11. Ne5 Bxe5 12. dxe5 Ng4 13. cxd5 cxd5 14. Nf3 Nc5 15. h3 Nxf2 16. Rxf2 Ne4 17. Rf1 Nxg3 18. Re1 Rc8 19. Rc1 Qd7 20. Nd4 Rxc1 21. Qxc1 Rc8 22. Qg5 Ne4 23. Bxe4 dxe4 24. e3 Ba6 25. Rd1 Bd3 26. Rd2 Kh8 27. Rg2 Rg8 28. a4 Qe8 29. Ba3 Qc8 30. Kh2 h6 31. Qf4 Qd7 32. Rf2 1-0

[Event "St Jean op"]
[Site "St Jean sur Richelieu"]
[Date "2008.06.13"]
[Round "5"]
[White "Lavoie, Eric"]
[Black "Bergeron, Marc"]
[Result "1/2-1/2"]
[WhiteElo "1917"]
[BlackElo "2008"]
[PlyCount "38"]
[GameId "2160767910354467"]
[EventDate "2008.06.13"]
[EventType "swiss"]
[EventRounds "5"]
[EventCountry "CAN"]
[SourceTitle "EXT 2011"]
[Source "ChessBase"]
[SourceDate "2011.11.26"]
[SourceVersion "1"]
[SourceVersionDate "2011.11.26"]
[SourceQuality "1"]

1. d4 Nf6 2. Nf3 g6 3. e3 Bg7 4. Bd3 d5 5. Nbd2 O-O 6. O-O Nbd7 7. c3 b6 8. e4 dxe4 9. Nxe4 Bb7 10. Nxf6+ Bxf6 11. Re1 c5 12. Bh6 Re8 13. Be4 Bxe4 14. Rxe4 cxd4 15. cxd4 e5 16. dxe5 Nxe5 17. Nxe5 Qxd1+ 18. Rxd1 Rxe5 19. Rxe5 Bxe5 1/2-1/2

[Event "St Jean op"]
[Site "St Jean sur Richelieu"]
[Date "2008.06.13"]
[Round "5"]
[White "Masse, Hugues"]
[Black "Tessier, Olivier"]
[Result "1-0"]
[WhiteElo "2277"]
[BlackElo "2207"]
[PlyCount "88"]
[GameId "2160767910354469"]
[EventDate "2008.06.13"]
[EventType "swiss"]
[EventRounds "5"]
[EventCountry "CAN"]
[SourceTitle "EXT 2011"]
[Source "ChessBase"]
[SourceDate "2011.11.26"]
[SourceVersion "1"]
[SourceVersionDate "2011.11.26"]
[SourceQuality "1"]

1. e4 c5 2. Nf3 Nf6 3. Nc3 e6 4. d4 cxd4 5. Nxd4 Bb4 6. e5 Nd5 7. Bd2 Nxc3 8. bxc3 Be7 9. Qg4 g6 10. Bd3 Nc6 11. Nxc6 dxc6 12. O-O Qc7 13. Rfe1 h5 14. Qg3 Rg8 15. Bg5 b6 16. Be4 Bb7 17. Rad1 c5 18. Bxe7 Qxe7 19. Bxb7 Qxb7 20. Rd6 Rd8 21. Red1 Rxd6 22. exd6 Qd7 23. Qf3 Kf8 24. Qf6 Rg7 25. h3 Kg8 26. g4 hxg4 27. hxg4 e5 28. f3 e4 29. Qe7 f5 30. Qxd7 Rxd7 31. fxe4 fxe4 32. Kf2 Kf7 33. Ke3 Ke6 34. Kxe4 c4 35. Kf4 Kf6 36. Ke4 Ke6 37. Kf4 Kf6 38. Rd5 a6 39. Rd4 b5 40. Rd5 Ke6 41. Rd1 Kf6 42. Rd4 g5+ 43. Ke4 Ke6 44. Rd5 Rf7 1-0

[Event "ThankGibbons op-A"]
[Site "Winnipeg CAN"]
[Date "2008.10.24"]
[Round "1"]
[White "Goodman, Clifford"]
[Black "Boron, Anthony"]
[Result "0-1"]
[WhiteElo "1643"]
[BlackElo "1980"]
[PlyCount "48"]
[GameId "2160767910302828"]
[EventDate "2008.10.24"]
[EventType "tourn"]
[EventRounds "5"]
[EventCountry "CAN"]
[SourceTitle "EXT 2011"]
[Source "ChessBase"]
[SourceDate "2011.11.26"]
[SourceVersion "1"]
[SourceVersionDate "2011.11.26"]
[SourceQuality "1"]

1. Nf3 d5 2. g3 c6 3. Bg2 Bg4 4. O-O Nd7 5. d3 Ngf6 6. Nbd2 e5 7. Qe1 Bd6 8. e4 O-O 9. c3 h6 10. Qe3 Re8 11. h3 Bh5 12. g4 dxe4 13. dxe4 Bc5 14. Qe2 Bg6 15. Nh4 Nxe4 16. Nxe4 Bxe4 17. Qxe4 Qxh4 18. Be3 Qf6 19. Bxc5 Nxc5 20. Qb4 b6 21. f4 Rac8 22. fxe5 Qxe5 23. Rae1 Qg3 24. Rd1 Re2 0-1

[Event "ThankGibbons op-A"]
[Site "Winnipeg CAN"]
[Date "2008.10.24"]
[Round "1"]
[White "Kaptsan, Aron"]
[Black "Khedkar, Jay S"]
[Result "1-0"]
[WhiteElo "2057"]
[BlackElo "1985"]
[PlyCount "99"]
[GameId "2160767910302829"]
[EventDate "2008.10.24"]
[EventType "tourn"]
[EventRounds "5"]
[EventCountry "CAN"]
[SourceTitle "EXT 2011"]
[Source "ChessBase"]
[SourceDate "2011.11.26"]
[SourceVersion "1"]
[SourceVersionDate "2011.11.26"]
[SourceQuality "1"]

1. d4 d5 2. c4 e6 3. Nf3 Nf6 4. g3 Bb4+ 5. Bd2 Bxd2+ 6. Nbxd2 O-O 7. Qc2 Nbd7 8. Bg2 c6 9. O-O Re8 10. Rad1 Qa5 11. Rfe1 e5 12. dxe5 Nxe5 13. Nxe5 Rxe5 14. cxd5 cxd5 15. Nb3 Qb6 16. Qc3 Rh5 17. Qd4 Qxd4 18. Rxd4 Be6 19. Red1 Rc8 20. e4 Rc2 21. exd5 Bd7 22. R1d2 Rxd2 23. Rxd2 Re5 24. h3 Kf8 25. f4 Re8 26. Kf2 Bxh3 27. Bxh3 Ne4+ 28. Kf3 Nxd2+ 29. Nxd2 Re1 30. d6 Ke8 31. d7+ Kd8 32. Ne4 Rd1 33. Ke2 Rd5 34. Nc3 Rd6 35. Ke3 g6 36. Ne4 Rc6 37. Nc3 f5 38. g4 Kxd7 39. gxf5 Ke7 40. fxg6 Rxg6 41. Ne4 h5 42. f5 Rb6 43. f6+ Kf7 44. b3 Rc6 45. Bf1 h4 46. Bc4+ Kf8 47. Kf4 a6 48. Kg4 b5 49. Bd5 Rc2 50. Ng5 1-0

[Event "ThankGibbons op-A"]
[Site "Winnipeg CAN"]
[Date "2008.10.24"]
[Round "1"]
[White "Prince, Colin"]
[Black "Kong, Dezheng"]
[Result "0-1"]
[WhiteElo "1944"]
[BlackElo "1869"]
[PlyCount "120"]
[GameId "2160767910302830"]
[EventDate "2008.10.24"]
[EventType "tourn"]
[EventRounds "5"]
[EventCountry "CAN"]
[SourceTitle "EXT 2011"]
[Source "ChessBase"]
[SourceDate "2011.11.26"]
[SourceVersion "1"]
[SourceVersionDate "2011.11.26"]
[SourceQuality "1"]

1. e4 c5 2. Nf3 d6 3. Bc4 e6 4. c3 Nf6 5. d3 Be7 6. Nbd2 O-O 7. Nf1 d5 8. exd5 exd5 9. Bb3 Re8 10. Be3 Bf8 11. d4 c4 12. Bc2 Nc6 13. h3 Bd6 14. N1h2 Bf4 15. Qe2 Bxe3 16. fxe3 Ne4 17. Nf1 f5 18. Bxe4 Rxe4 19. Ng3 Re8 20. Kf2 f4 21. Nf1 Bf5 22. Qd2 Bd3 23. Re1 fxe3+ 24. Nxe3 Rf8 25. Ng4 Qh4+ 26. g3 Qh5 27. Re3 Be4 28. Kg2 Rf7 29. Qe2 Raf8 30. Rf1 Bd3 31. Rxd3 cxd3 32. Qxd3 Qg6 33. Qxg6 hxg6 34. Ne3 Rd8 35. Ng4 Re8 36. Nge5 Nxe5 37. Nxe5 Rxf1 38. Kxf1 Re6 39. Ke2 Kf8 40. Kd3 Ke7 41. b3 b5 42. c4 bxc4+ 43. bxc4 dxc4+ 44. Kxc4 Ra6 45. Kb3 Rb6+ 46. Kc3 g5 47. a4 Ke6 48. Kc4 Rb1 49. Kc5 Rb3 50. Nc6 Rc3+ 51. Kb5 Rxg3 52. Nxa7 Rxh3 53. a5 g4 54. Nc6 g3 55. a6 g2 56. a7 Rh8 57. Nb8 g1=Q 58. d5+ Kd6 59. a8=Q Qb1+ 60. Kc4 Rh4+ 0-1

[Event "ThankGibbons op-A"]
[Site "Winnipeg CAN"]
[Date "2008.10.25"]
[Round "2"]
[White "Boron, Anthony"]
[Black "Kong, Dezheng"]
[Result "1/2-1/2"]
[WhiteElo "1980"]
[BlackElo "1869"]
[PlyCount "61"]
[GameId "2160767910302831"]
[EventDate "2008.10.24"]
[EventType "tourn"]
[EventRounds "5"]
[EventCountry "CAN"]
[SourceTitle "EXT 2011"]
[Source "ChessBase"]
[SourceDate "2011.11.26"]
[SourceVersion "1"]
[SourceVersionDate "2011.11.26"]
[SourceQuality "1"]

1. e4 c5 2. c3 Nf6 3. e5 Nd5 4. Bc4 e6 5. Bxd5 exd5 6. d4 d6 7. Nf3 Nc6 8. O-O dxe5 9. dxe5 Be7 10. Bf4 O-O 11. h3 Be6 12. Nbd2 Qd7 13. Qe2 Rad8 14. Rfd1 Qc8 15. Ng5 h6 16. Ngf3 Bf5 17. b3 d4 18. Ne4 Bxe4 19. Qxe4 dxc3 20. Rdc1 Qe6 21. Rxc3 f5 22. Qc4 Qxc4 23. Rxc4 g5 24. Be3 Rd5 25. Rac1 b6 26. a3 Rfd8 27. b4 b5 28. R4c2 c4 29. g3 Nxe5 30. Nxe5 Rxe5 31. Bxa7 1/2-1/2